01683cam a22003854i 4500003000900000005001700009008004100026035002000067040003300087100003700120245012600157264001000283300002100293336002100314337002500335338002300360502005900383504002400442520065900466526001001125526001001135526000901145526000901154526000901163526000901172526000901181526000901190526000901199526000801208526000801216526000801224526000801232526000801240650004901248PE-LiUPU20250731165429.0160215s1994 pe a grm 000 0 spa d a(Sirsi) a156138 aPE-LiUPUbspacPE-LiUPUerda1 aGrandes Quevedo, Germaniaeautor1 aBiología y crianza de Leptomastidea abnormis en el laboratorio para el control biológico /cGermania Grandes Quevedo. 0c1994. a96 hojas c30 cm atext2rdacontent aunmediated2rdamedia avolume2rdacarrier aTesisb(Lic.) -- cUniversidad Peruana Unión,d1994. aIncluye referencias3 aEl motivo para efectuar el siguiente estudio dentro del campo de las ciencias biológicas, es fundamentalmente explorar nuevos campos dentro de la Biología aplicada. El problema de las plagas que atacan a las plantas en general es por si un serio problema a nivel mundial, pero las personas solo tienen algún conocimiento de los insectos plaga que atacan a las plantas domesticas, porque las incidencias de los daños que ocasionan los insectos se traduce en una disminución del rendimiento, una baja en la calidad de los productos o por la apariencia externa de los mismos que en suma podemos denominar perdida económica para los agricultores. aSEG44 aSEG26 aP151 aP150 aP149 aP146 aP145 aP126 aP125 aP92 aP75 aP74 aP27 aP1504aLeptomastidea abnormis (Avispa)xBiología.